000 01185cam a22002651 4500
001 ne 65002694
003 DLC
005 20260227111819.0
008 900813s1964 le b 000 0 arar
010 _ane 65002694
035 _a(OCoLC)22214575
040 _aDLC
_cWaU
_dWaU
_dDLC
042 _apremarc
043 _aa------
_afa-----
050 0 0 _aDS76.4
_b.J3
100 1 _aJahshīyārī, Muḥammad ibn ʻAbdūs,
_d-942 or 943.
245 1 0 _aNuṣūṣ ḍāʼiʻah min Kitāb al-wuzarāʼ wa-al-kuttāb
_cli-Muḥammad ibn ʻAbdūs al-Jahshiyārī. Jamaʻahā min maṣādir makhṭūṭah wa-maṭbāʻah, wa-ʻallaqa ʻalayhā Mīkhāʼīl ʻAwwād.
260 _aBayrūt,
_bDār al-Kitāb al-Lubnānī
_c[1964]
300 _a118 p.
_c25 cm.
500 _aAdded t.p.: Lost fragments of Kitāb al-wuzarāʼ wa-l-kuttāb, by Muhammad ibn ʻAbdoos al-Gahs̲h̲iyāri. Compiled from manuscripts and printed sources, and annotated by Mīk̲h̲āʼīl ʻAwād.
504 _aBibliography: p. 108-112.
651 0 _aIslamic countries
_xHistory.
700 1 _aʻAwwād, Mīkhāʼīl.
700 1 _aJahshīyārī, Muḥammad ibn ʻAbdūs,
_d-942 or 943.
_tWuzarāʼ wa-al-kuttāb.
999 _c48609
_d48609